| 000 | 01110nam a2200205Ii 4500 | ||
|---|---|---|---|
| 003 | JO-AjNU | ||
| 008 | 230605s9999||||xx |||||||||||||| ||und|| | ||
| 017 | _a2017/2/1050 | ||
| 040 |
_aJO-AjNU _bara _erda _cJO-AjNU |
||
| 041 | _aara | ||
| 050 | 1 | 4 | _aDS154.56.A22 2017 |
| 100 | 3 |
_aعبدالله الثاني ابن الحسين 1999؛ اشراف الشؤون الادارية - الديوان الملكي الهاشمي، جمع وتحرير منتهى قبلان العبداللات؛ متابعة وتنسيق جنان زكي أبو زياد واخرون , _eauthor _956961 |
|
| 245 | 0 | 0 | _aالخطاب السامي لصاحب الجلالة الهاشمية الملك عبد الله الثاني ابن الحسين المعظم، مج 16 |
| 264 | 3 | 1 | _aعمان: الديوان الملكي الهاشمي، 2017 |
| 300 |
_aمج16، 211ص _bيتضمن الكشافات ص 183-211 |
||
| 336 |
_atext _btxt _2rdacontent |
||
| 337 |
_aunmediated _bn _2rdamedia |
||
| 338 |
_avolume _bnc _2rdacarrier |
||
| 650 | 4 |
_aالخطب السياسية-الاردن -الملك عبد الله الثاني _956962 |
|
| 999 |
_aA25498 _c29066 _d29066 |
||